[Event "FIN-chT 0910"]
[Site "Finland"]
[Date "2010.03.21"]
[Round "9.2"]
[White "Ivanov, Sergei S"]
[Black "Hartikainen, Markku"]
[Result "1/2-1/2"]
[WhiteElo "2356"]
[BlackElo "2312"]
[PlyCount "37"]
[EventDate "2009.09.19"]
[EventType "team-tourn"]
[EventRounds "9"]
[EventCountry "FIN"]
[SourceTitle "EXT 2022"]
[Source "ChessBase"]
[SourceDate "2021.10.06"]
[SourceVersion "1"]
[SourceVersionDate "2021.10.06"]
[SourceQuality "1"]
[WhiteTeam "Helsinki Garde"]
[BlackTeam "Helsinki HSK"]
[WhiteTeamCountry "FIN"]
[BlackTeamCountry "FIN"]

1. c4 e5 2. Nc3 Nf6 3. Nf3 Nc6 4. e3 d6 5. d4 Be7 6. d5 Nb8 7. e4 0-0 8. Be2 Ne8 9. Be3 c5 10. dxc6 bxc6 11. c5 Nd7 12. cxd6 Bxd6 13. 0-0 Qe7 14. Rc1 Nef6 15. Nd2 Bc5 16. Bg5 h6 17. Bh4 Bd4 18. Nb3 g5 19. Bg3 1/2-1/2

[Event "Vantaa We EtVaS op"]
[Site "Vantaa"]
[Date "2008.??.??"]
[Round "3"]
[White "Ivanov, Sergei S"]
[Black "Alkkiomaki, Jyrki"]
[Result "1-0"]
[WhiteElo "2356"]
[BlackElo "2035"]
[PlyCount "131"]
[EventDate "2008.04.??"]
[EventType "swiss"]
[EventRounds "5"]
[EventCountry "FIN"]
[SourceTitle "EXT 2010"]
[Source "ChessBase"]
[SourceDate "2010.11.25"]
[SourceVersion "1"]
[SourceVersionDate "2010.11.25"]
[SourceQuality "1"]

1. e4 e5 2. Nc3 Nf6 3. f4 d5 4. fxe5 Nxe4 5. Nf3 Nc6 6. Bb5 Bc5 7. Qe2 Bf5 8. d4 Bb4 9. Bd2 0-0 10. Nxe4 dxe4 11. Bxc6 Bxd2+ 12. Nxd2 bxc6 13. c3 Qd5 14. 0-0 Bg6 15. b4 a5 16. a3 axb4 17. axb4 Ra2 18. Rxa2 Qxa2 19. Qe3 Qc2 20. Nc4 Qb3 21. Na5 Qa4 22. Qe2 Ra8 23. h3 h6 24. Kh2 Kh7 25. h4 h5 26. Rf4 Kg8 27. Rf1 c5 28. dxc5 Rd8 29. e6 Qe8 30. exf7+ Bxf7 31. Nc4 Rd3 32. Nd2 Bd5 33. Re1 Qe5+ 34. Kh1 Qg3 35. Nxe4 Qxh4+ 36. Kg1 Bc4 37. Qf2 Qg4 38. Qe2 Qxe2 39. Rxe2 Rd1+ 40. Kf2 Bxe2 41. Kxe2 Rg1 42. Kf3 Kf7 43. b5 Ke6 44. c4 Rc1 45. Nd2 g5 46. Ke3 Rc3+ 47. Kd4 Rg3 48. b6 Rg4+ 49. Ne4 Kf5 50. bxc7 Rxe4+ 51. Kd5 Re8 52. Kd6 h4 53. Kd7 Rh8 54. c8Q Rxc8 55. Kxc8 g4 56. c6 h3 57. gxh3 gxh3 58. c7 h2 59. Kb8 h1Q 60. c8Q+ Ke5 61. c5 Qg1 62. Qc7+ Kd5 63. Qd6+ Kc4 64. c6 Qg8+ 65. Kb7 Qf7+ 66. c7 1-0

[Event "Kuopio We KSY op"]
[Site "Kuopio"]
[Date "2008.??.??"]
[Round "4"]
[White "Ivanov, Sergei S"]
[Black "Eloranta, Kari"]
[Result "1-0"]
[WhiteElo "2356"]
[BlackElo "2030"]
[PlyCount "66"]
[EventDate "2008.04.??"]
[EventType "swiss"]
[EventRounds "5"]
[EventCountry "FIN"]
[SourceTitle "EXT 2010"]
[Source "ChessBase"]
[SourceDate "2010.11.25"]
[SourceVersion "1"]
[SourceVersionDate "2010.11.25"]
[SourceQuality "1"]

1. c4 Nf6 2. Nc3 e6 3. Nf3 Bb4 4. Qc2 d5 5. a3 Bxc3 6. Qxc3 c5 7. cxd5 Qxd5 8. g3 Nc6 9. Bg2 0-0 10. d3 b6 11. Bg5 Nd4 12. Nh4 Qe5 13. Be3 Nd5 14. Bxd4 cxd4 15. Qc4 b5 16. Qc5 Bb7 17. Nf3 Qc7 18. Qxd4 f6 19. 0-0 Rfc8 20. Qg4 Qd7 21. Rac1 a5 22. Nd4 f5 23. Qh4 b4 24. axb4 axb4 25. Nb3 Qd6 26. Rc4 Ba6 27. Qd4 Rab8 28. Rxc8+ Rxc8 29. e4 fxe4 30. dxe4 Bxf1 31. Bxf1 Rc2 32. Bd3 Rc8 33. exd5 exd5 1-0

[Event "Vantaa We EtVaS op"]
[Site "Vantaa"]
[Date "2008.??.??"]
[Round "4"]
[White "Ivanov, Sergei S"]
[Black "Kokkila, Tero"]
[Result "0-1"]
[WhiteElo "2356"]
[BlackElo "2313"]
[PlyCount "172"]
[EventDate "2008.04.??"]
[EventType "swiss"]
[EventRounds "5"]
[EventCountry "FIN"]
[SourceTitle "EXT 2010"]
[Source "ChessBase"]
[SourceDate "2010.11.25"]
[SourceVersion "1"]
[SourceVersionDate "2010.11.25"]
[SourceQuality "1"]

1. c4 Nf6 2. Nc3 e6 3. d4 Bb4 4. e3 c5 5. dxc5 0-0 6. Bd2 Bxc5 7. Nf3 a6 8. Bd3 Nc6 9. Rc1 Ba7 10. Ne2 e5 11. e4 d6 12. 0-0 Bg4 13. Nc3 Nd7 14. Be2 Nc5 15. Be3 Bxf3 16. Bxf3 Ne6 17. Bg4 Kh8 18. Bxa7 Rxa7 19. Bxe6 fxe6 20. Qd3 Nd4 21. Ne2 Qb6 22. b3 a5 23. Rcd1 Nxe2+ 24. Qxe2 a4 25. Qd3 axb3 26. axb3 Ra6 27. Rd2 h6 28. Rfd1 Qb4 29. h3 Rb6 30. Ra2 Rd8 31. Rb1 Rc8 32. Ra4 Qc5 33. Rd1 Kg8 34. Qc3 Qc6 35. Qe3 Qc7 36. Rd3 Rc6 37. Ra1 Rd8 38. Qd2 Qb6 39. Qa5 Qxa5 40. Rxa5 Rb8 41. Kf1 Kf7 42. Ke2 Ke7 43. h4 Rcc8 44. Rg3 Kf8 45. Ra7 Rc7 46. Rd3 Ke7 47. Ra5 b6 48. Ra6 Kd7 49. Rg3 Kc6 50. Rg6 Re7 51. Kd3 Rf8 52. Ra2 Rf4 53. g3 Rf3+ 54. Ke2 Rxb3 55. Ra8 Kc5 56. Rc8+ Kd4 57. Rc6 Rb2+ 58. Ke1 Kxe4 59. Rxd6 Ra7 60. Rd2 Ra1+ 61. Ke2 Rxd2+ 62. Kxd2 Ra2+ 63. Kc3 Rxf2 64. Rxe6 Rf6 65. Re7 Rf3+ 66. Kb4 Rxg3 67. Re6 Kf4 68. Rxb6 e4 69. c5 e3 70. Re6 Kf5 71. Re7 Rg4+ 72. Kb5 Re4 73. Rxe4 Kxe4 74. c6 e2 75. c7 e1Q 76. c8Q Qb1+ 77. Ka4 Qd1+ 78. Ka3 Qd3+ 79. Kb2 Qd4+ 80. Kc2 Kf4 81. Qh3 Qf2+ 82. Kb1 Qg3 83. Qh1 Kg4 84. h5 Qb3+ 85. Ka1 Qc3+ 86. Kb1 Qb4+ 0-1

[Event "Joensuu We JoeSK"]
[Site "Joensuu"]
[Date "2008.??.??"]
[Round "5"]
[White "Ivanov, Sergei S"]
[Black "Porrasmaa, Timo"]
[Result "1/2-1/2"]
[WhiteElo "2356"]
[BlackElo "2162"]
[PlyCount "27"]
[EventDate "2008.07.??"]
[EventType "swiss"]
[EventRounds "5"]
[EventCountry "FIN"]
[SourceTitle "EXT 2010"]
[Source "ChessBase"]
[SourceDate "2010.11.25"]
[SourceVersion "1"]
[SourceVersionDate "2010.11.25"]
[SourceQuality "1"]

1. e4 c5 2. g3 g6 3. Bg2 Bg7 4. d3 Nc6 5. c3 Nf6 6. Be3 d6 7. h3 0-0 8. f4 e5 9. Ne2 exf4 10. gxf4 Nh5 11. d4 cxd4 12. cxd4 Qh4+ 13. Bf2 Qf6 14. Be3 1/2-1/2

[Event "Kuopio We KSY op"]
[Site "Kuopio"]
[Date "2008.??.??"]
[Round "2"]
[White "Ivanov, Sergei S"]
[Black "Porrasmaa, Timo"]
[Result "1-0"]
[WhiteElo "2356"]
[BlackElo "2163"]
[PlyCount "51"]
[EventDate "2008.04.??"]
[EventType "swiss"]
[EventRounds "5"]
[EventCountry "FIN"]
[SourceTitle "EXT 2010"]
[Source "ChessBase"]
[SourceDate "2010.11.25"]
[SourceVersion "1"]
[SourceVersionDate "2010.11.25"]
[SourceQuality "1"]

1. e4 g6 2. d4 Bg7 3. c3 d6 4. f4 c5 5. dxc5 Nf6 6. cxd6 exd6 7. Nf3 Nbd7 8. Qxd6 Nxe4 9. Qb4 Nec5 10. Be2 0-0 11. 0-0 b6 12. f5 a5 13. Qf4 Qe7 14. Bc4 Ba6 15. fxg6 hxg6 16. Ng5 Bxc4 17. Qxc4 Nf6 18. Na3 Rac8 19. Qh4 Rfe8 20. Nc2 Nd3 21. Be3 b5 22. Bd4 b4 23. Rad1 Nxb2 24. Rde1 Qd6 25. Rxe8+ Rxe8 26. Rxf6 1-0

[Event "Helsinki We HSK 05 op"]
[Site "Helsinki"]
[Date "2008.??.??"]
[Round "5"]
[White "Kosmo, Santul"]
[Black "Ivanov, Sergei S"]
[Result "1-0"]
[WhiteElo "2256"]
[BlackElo "2356"]
[PlyCount "47"]
[EventDate "2008.05.??"]
[EventType "swiss"]
[EventRounds "5"]
[EventCountry "FIN"]
[SourceTitle "EXT 2010"]
[Source "ChessBase"]
[SourceDate "2010.11.25"]
[SourceVersion "1"]
[SourceVersionDate "2010.11.25"]
[SourceQuality "1"]

1. e4 c5 2. Nf3 e6 3. Nc3 Nc6 4. d4 cxd4 5. Nxd4 Nf6 6. Be2 Bb4 7. 0-0 0-0 8. Bg5 h6 9. Bh4 g5 10. Bg3 Bxc3 11. bxc3 Nxe4 12. Bd3 Nxg3 13. fxg3 d5 14. Qh5 Kg7 15. Rf2 Ne5 16. Re1 Nxd3 17. cxd3 Bd7 18. h4 Rc8 19. Re5 gxh4 20. gxh4 Rxc3 21. Rf3 Rc1+ 22. Kh2 Rb1 23. Rg3+ Kh7 24. Nxe6 1-0

[Event "FIN-chT 0607"]
[Site "Finland"]
[Date "2007.03.10"]
[Round "8.1"]
[White "Kulaots, Kaido"]
[Black "Ivanov, Sergei S"]
[Result "1-0"]
[WhiteElo "2550"]
[BlackElo "2354"]
[PlyCount "117"]
[EventDate "2006.09.14"]
[EventType "team-tourn"]
[EventRounds "9"]
[EventCountry "FIN"]
[SourceTitle "EXT 2022"]
[Source "ChessBase"]
[SourceDate "2021.10.06"]
[SourceVersion "1"]
[SourceVersionDate "2021.10.06"]
[SourceQuality "1"]
[WhiteTeam "Jyvaskyla JyS"]
[BlackTeam "Joensuu SK"]
[WhiteTeamCountry "FIN"]
[BlackTeamCountry "FIN"]

1. e4 c5 2. Nf3 Nc6 3. d4 cxd4 4. Nxd4 e5 5. Nb5 d6 6. N1c3 a6 7. Na3 b5 8. Nd5 Nf6 9. Nxf6+ Qxf6 10. c4 b4 11. Nc2 Qg6 12. Ne3 Be7 13. g3 Bb7 14. Bg2 Nd4 15. Nf5 Qxf5 16. exf5 Bxg2 17. Be3 Bxh1 18. Bxd4 exd4 19. f3 0-0 20. Kf2 d5 21. cxd5 Bc5 22. Rc1 Rac8 23. Kg1 Rfd8 24. Kxh1 Rxd5 25. Qd3 Rcd8 26. Re1 h6 27. f4 a5 28. Kg2 a4 29. Kf3 a3 30. bxa3 bxa3 31. Re5 Bf8 32. Rxd5 Rxd5 33. g4 Rd8 34. g5 Rd6 35. h4 Be7 36. Ke2 Bf8 37. Qc4 d3+ 38. Kd2 Be7 39. g6 Rf6 40. Kxd3 Bf8 41. Ke4 Bd6 42. h5 Be7 43. Qd5 Bb4 44. gxf7+ Rxf7 45. f6 gxf6 46. Kf5 Kg7 47. Qg2+ Kf8 48. Qg6 Bc3 49. Qxh6+ Rg7 50. Ke6 Kg8 51. f5 Rg5 52. Ke7 Rg7+ 53. Ke8 Be5 54. Qe3 Bb2 55. h6 Rg5 56. Qa7 Kh8 57. Kf7 Kh7 58. Qa8 Rg4 59. Qf8 1-0

[Event "FIN-chT 0607"]
[Site "Finland"]
[Date "2006.10.21"]
[Round "3.1"]
[White "Solozhenkin, Evgeniy"]
[Black "Ivanov, Sergei S"]
[Result "1/2-1/2"]
[WhiteElo "2508"]
[BlackElo "2354"]
[PlyCount "81"]
[EventDate "2006.09.14"]
[EventType "team-tourn"]
[EventRounds "9"]
[EventCountry "FIN"]
[SourceTitle "EXT 2022"]
[Source "ChessBase"]
[SourceDate "2021.10.06"]
[SourceVersion "1"]
[SourceVersionDate "2021.10.06"]
[SourceQuality "1"]
[WhiteTeam "Espoo MatSK"]
[BlackTeam "Joensuu SK"]
[WhiteTeamCountry "FIN"]
[BlackTeamCountry "FIN"]

1. d4 Nf6 2. c4 e6 3. Nf3 b6 4. Nc3 Bb4 5. Qb3 c5 6. a3 Bxc3+ 7. Qxc3 Ne4 8. Qc2 Bb7 9. e3 0-0 10. Bd3 f5 11. 0-0 d6 12. b3 Nd7 13. Bb2 Rc8 14. Rad1 Ng5 15. Ne1 Qe8 16. d5 Qg6 17. f4 Ne4 18. Bxe4 fxe4 19. dxe6 Qxe6 20. Qd2 Nf6 21. Qxd6 Qxd6 22. Rxd6 Rcd8 23. Rxd8 Rxd8 24. h3 b5 25. g4 bxc4 26. bxc4 Rd1 27. Bxf6 gxf6 28. Ng2 Rxf1+ 29. Kxf1 Ba6 30. f5 Bxc4+ 31. Ke1 Kf7 32. Kd2 Ke7 33. Kc3 Bf7 34. Nf4 Kd6 35. Ne2 Ke5 36. Ng3 Kd5 37. Ne2 Ke5 38. Nf4 Bg8 39. Nh5 Bf7 40. Ng3 Kd5 41. Ne2 1/2-1/2

[Event "EU-Cup 22nd"]
[Site "Fuegen"]
[Date "2006.10.14"]
[Round "7.2"]
[White "Tisdall, Jonathan D"]
[Black "Ivanov, Sergei S"]
[Result "1/2-1/2"]
[WhiteElo "2448"]
[BlackElo "2354"]
[PlyCount "61"]
[EventDate "2006.10.08"]
[EventType "team-swiss"]
[EventRounds "7"]
[EventCountry "AUT"]
[SourceTitle "CBM 115"]
[Source "ChessBase"]
[SourceDate "2006.11.15"]
[SourceVersion "1"]
[SourceVersionDate "2006.11.15"]
[SourceQuality "1"]
[WhiteTeam "Asker"]
[BlackTeam "Joensuun"]
[WhiteTeamCountry "NOR"]
[BlackTeamCountry "FIN"]

1. Nf3 Nf6 2. c4 e6 3. g3 d5 4. Bg2 Be7 5. 0-0 0-0 6. b3 Nbd7 7. Bb2 c6 8. Qc2 b6 9. d3 dxc4 10. dxc4 Qc7 11. Nc3 Bb7 12. Rad1 Rfd8 13. e4 e5 14. Nh4 Bf8 15. Ne2 a5 16. h3 Nc5 17. f4 Rxd1 18. Rxd1 Nfd7 19. f5 b5 20. cxb5 cxb5 21. Nc3 Qb6 22. Kh2 Nf6 23. Qe2 Re8 24. Qxb5 Qxb5 25. Nxb5 Bxe4 26. Bxe4 Nfxe4 27. Nc7 Re7 28. Nd5 Re8 29. Nc7 Re7 30. Nd5 Re8 31. Nc7 1/2-1/2

[Event "EU-Cup 22nd"]
[Site "Fuegen"]
[Date "2006.10.12"]
[Round "5.2"]
[White "Thiede, Lars"]
[Black "Ivanov, Sergei S"]
[Result "1-0"]
[WhiteElo "2504"]
[BlackElo "2354"]
[PlyCount "117"]
[EventDate "2006.10.08"]
[EventType "team-swiss"]
[EventRounds "7"]
[EventCountry "AUT"]
[SourceTitle "CBM 115"]
[Source "ChessBase"]
[SourceDate "2006.11.15"]
[SourceVersion "1"]
[SourceVersionDate "2006.11.15"]
[SourceQuality "1"]
[WhiteTeam "Berlin SF"]
[BlackTeam "Joensuun"]
[WhiteTeamCountry "GER"]
[BlackTeamCountry "FIN"]

1. g3 g6 2. Bg2 Bg7 3. c4 c5 4. Nc3 Nc6 5. a3 a6 6. e3 Rb8 7. a4 e5 8. Nge2 d6 9. Nd5 Nge7 10. Nec3 Nxd5 11. cxd5 Nb4 12. d3 a5 13. 0-0 0-0 14. Nb5 b6 15. Na3 Ba6 16. Nc4 f5 17. e4 f4 18. Bh3 f3 19. Be6+ Kh8 20. h3 Bc8 21. Bxc8 Qxc8 22. Kh2 Qd8 23. Be3 h6 24. Ra3 Kh7 25. Rg1 Rb7 26. g4 Rbf7 27. Rg3 Bf6 28. Rxf3 Bg5 29. Rxf7+ Rxf7 30. Qe2 Bf4+ 31. Kg2 Kg8 32. Ra1 Kf8 33. Rh1 Ke7 34. h4 Kd7 35. h5 g5 36. Bxf4 Rxf4 37. Ne3 Rf6 38. Rh3 Kc7 39. Rf3 Rxf3 40. Kxf3 Qd7 41. Qd1 b5 42. axb5 Qxb5 43. Ke2 a4 44. Qd2 Kd7 45. Qc3 Na2 46. Qc2 Qb4 47. Nf5 a3 48. bxa3 Qxa3 49. Nxh6 Nc3+ 50. Kd2 Nb5 51. Nf5 Qb4+ 52. Ke2 Nc3+ 53. Kf3 Nb5 54. Kg2 Nd4 55. Nxd4 exd4 56. Qc1 Qc3 57. Qxg5 c4 58. h6 cxd3 59. h7 1-0

[Event "EU-Cup 22nd"]
[Site "Fuegen"]
[Date "2006.10.11"]
[Round "4.2"]
[White "Christensen, Tobias"]
[Black "Ivanov, Sergei S"]
[Result "1/2-1/2"]
[WhiteElo "2349"]
[BlackElo "2354"]
[PlyCount "177"]
[EventDate "2006.10.08"]
[EventType "team-swiss"]
[EventRounds "7"]
[EventCountry "AUT"]
[SourceTitle "CBM 115"]
[Source "ChessBase"]
[SourceDate "2006.11.15"]
[SourceVersion "1"]
[SourceVersionDate "2006.11.15"]
[SourceQuality "1"]
[WhiteTeam "Aarhus"]
[BlackTeam "Joensuun"]
[WhiteTeamCountry "DEN"]
[BlackTeamCountry "FIN"]

1. c4 c5 2. Nc3 Nc6 3. g3 g6 4. Bg2 Bg7 5. a3 a6 6. Rb1 Rb8 7. b4 cxb4 8. axb4 b5 9. cxb5 axb5 10. Nh3 e6 11. Nf4 Nge7 12. Bb2 d5 13. Ncxd5 Bxb2 14. Nxe7 Nxe7 15. Rxb2 Bb7 16. Bxb7 Rxb7 17. Qb3 0-0 18. 0-0 Rd7 19. Qc3 Rc7 20. Qe5 Qb8 21. h4 h5 22. Rb3 Rd8 23. Rd3 Rxd3 24. Nxd3 Nd5 25. e4 Ne7 26. Qg5 Nc6 27. Nf4 Nd4 28. Kg2 Kh7 29. g4 Qg8 30. Nxh5 gxh5 31. Qxh5+ Kg7 32. Qe5+ Kh7 33. Qh5+ Kg7 34. Qe5+ Kh7 35. Qxc7 Qxg4+ 36. Qg3 Qxe4+ 37. f3 Qd3 38. Rf2 Nf5 39. Qg4 Qb1 40. Qe4 Qa1 41. Kh2 Qf6 42. Rg2 Qxh4+ 43. Qxh4+ Nxh4 44. Rg3 Nf5 45. Rg4 Ne7 46. f4 Nc6 47. f5 exf5 48. Rg5 Nd4 49. Kg2 Kh6 50. Rg3 Nc6 51. Kf3 Nd4+ 52. Kf2 Nc2 53. Rg1 Nxb4 54. Rb1 Nc6 55. Rxb5 Kg5 56. Rc5 Nd4 57. Rc7 Kf6 58. Ra7 f4 59. Rd7 Ne6 60. Ke2 Ng5 61. Rd5 Kg6 62. Ra5 f6 63. d4 Kf7 64. Rf5 f3+ 65. Ke3 Ke6 66. Ra5 Kd6 67. Ra6+ Ke7 68. d5 Kf7 69. Ra7+ Ke8 70. Ra2 Kd7 71. Ra6 Ke7 72. Rb6 Kf7 73. Rb7+ Ke8 74. Rb1 Kd7 75. Rf1 Ke7 76. Kd4 Ke8 77. Rf2 Kd7 78. Ra2 Nh3 79. Ra7+ Ke8 80. Ra8+ Ke7 81. Ra7+ Ke8 82. Ra3 Ng5 83. Ke3 Kd7 84. Ra4 Kd6 85. Rd4 f5 86. Rd3 Ne4 87. Kxf3 Nf6 88. Kf4 Nd7 89. Kxf5 1/2-1/2

[Event "FIN-chT 0607"]
[Site "Finland"]
[Date "2006.09.17"]
[Round "2.1"]
[White "Ivanov, Sergei S"]
[Black "Nyback, Tomi"]
[Result "0-1"]
[WhiteElo "2354"]
[BlackElo "2587"]
[PlyCount "114"]
[EventDate "2006.09.14"]
[EventType "team-tourn"]
[EventRounds "9"]
[EventCountry "FIN"]
[SourceTitle "EXT 2022"]
[Source "ChessBase"]
[SourceDate "2021.10.06"]
[SourceVersion "1"]
[SourceVersionDate "2021.10.06"]
[SourceQuality "1"]
[WhiteTeam "Joensuu SK"]
[BlackTeam "Helsinki Velhot"]
[WhiteTeamCountry "FIN"]
[BlackTeamCountry "FIN"]

1. e4 d6 2. d4 Nf6 3. Nc3 g6 4. f4 Bg7 5. Nf3 0-0 6. Be3 b6 7. Bc4 Bb7 8. e5 Ng4 9. Qe2 c5 10. 0-0-0 Nxe3 11. Qxe3 cxd4 12. Nxd4 Qc7 13. Bd5 dxe5 14. fxe5 Bxd5 15. Nxd5 Qxe5 16. Nxe7+ Kh8 17. Qxe5 Bxe5 18. Nf3 Bg7 19. h4 Na6 20. h5 Rfe8 21. Rd7 Bh6+ 22. Kb1 Nc5 23. Rc7 Kg7 24. hxg6 hxg6 25. Nd5 Re2 26. g4 Ne4 27. Ka1 Re8 28. a3 Rf2 29. Ne1 Ng3 30. Rg1 Ne2 31. Nd3 Nxg1 32. Nxf2 Nf3 33. Nd3 Ne5 34. Rxa7 Nxg4 35. Nxb6 Be3 36. Rb7 Nf2 37. Nc4 Nxd3 38. cxd3 Bf4 39. Nb6 g5 40. Nd5 Bd2 41. Ne7 g4 42. Nf5+ Kg6 43. Rb5 Bg5 44. a4 Bf6 45. d4 Re1+ 46. Ka2 Rf1 47. Ng3 Rf3 48. Rb3 Rxb3 49. Kxb3 Bxd4 50. Kc4 Bxb2 51. a5 Be5 52. a6 Bb8 53. Kd5 f5 54. Ne2 Kg5 55. Nd4 g3 56. Kc6 Ba7 57. Ne6+ Kg4 0-1

[Event "FIN-chT 0607"]
[Site "Finland"]
[Date "2006.09.16"]
[Round "1.1"]
[White "Seeman, Tarvo"]
[Black "Ivanov, Sergei S"]
[Result "1-0"]
[WhiteElo "2408"]
[BlackElo "2354"]
[PlyCount "83"]
[EventDate "2006.09.14"]
[EventType "team-tourn"]
[EventRounds "9"]
[EventCountry "FIN"]
[SourceTitle "EXT 2022"]
[Source "ChessBase"]
[SourceDate "2021.10.06"]
[SourceVersion "1"]
[SourceVersionDate "2021.10.06"]
[SourceQuality "1"]
[WhiteTeam "Helsinki Aatos"]
[BlackTeam "Joensuu SK"]
[WhiteTeamCountry "FIN"]
[BlackTeamCountry "FIN"]

1. g3 c5 2. Bg2 Nc6 3. e4 g6 4. f4 d6 5. d3 Bg7 6. Nf3 e5 7. 0-0 Nge7 8. c3 0-0 9. Na3 Rb8 10. Be3 b5 11. fxe5 Nxe5 12. Nxe5 Bxe5 13. Nc2 Bg7 14. Qd2 Bb7 15. Rf2 Rc8 16. Bh6 Rc7 17. Raf1 d5 18. Bxg7 Kxg7 19. e5 d4 20. Bxb7 Rxb7 21. cxd4 cxd4 22. Qf4 Nc6 23. Qe4 Rc7 24. Rf6 Qa8 25. e6 Qb7 26. R1f2 Kg8 27. exf7+ Kg7 28. Nxd4 Nxd4 29. Qxd4 Rc1+ 30. Rf1 Rxf1+ 31. Rxf1+ Kh6 32. Qh4+ Kg7 33. Qf6+ Kh6 34. Rf4 Qb6+ 35. Qxb6 axb6 36. h4 Kg7 37. g4 Rxf7 38. Rxf7+ Kxf7 39. Kf2 g5 40. hxg5 Kg6 41. Kf3 Kxg5 42. b4 1-0

[Event "Rybinsk op"]
[Site "Rybinsk"]
[Date "2006.06.27"]
[Round "7"]
[White "Ivanov, Sergei S"]
[Black "Vinogradov, Alexander"]
[Result "1-0"]
[WhiteElo "2354"]
[BlackElo "2435"]
[PlyCount "49"]
[EventDate "2006.06.21"]
[EventType "swiss"]
[EventRounds "9"]
[EventCountry "RUS"]
[SourceTitle "EXT 2008"]
[Source "ChessBase"]
[SourceDate "2007.11.25"]
[SourceVersion "1"]
[SourceVersionDate "2007.11.25"]
[SourceQuality "1"]

1. Nf3 d5 2. g3 Nf6 3. Bg2 e6 4. 0-0 Be7 5. d4 c5 6. c3 Nc6 7. Bg5 b6 8. Qa4 Qd7 9. Nbd2 0-0 10. Qc2 cxd4 11. cxd4 Bb7 12. Rad1 Rfc8 13. Qb1 h6 14. Bf4 Ba6 15. Ne5 Nxe5 16. dxe5 Nh5 17. Rfe1 Nxf4 18. gxf4 g5 19. e4 d4 20. Nf3 d3 21. a3 g4 22. Nd2 Rc2 23. Nf1 Bh4 24. Qxc2 Rc8 25. Qd2 1-0

[Event "FIN-chT 0506"]
[Site "Finland"]
[Date "2006.01.14"]
[Round "6.2"]
[White "Ivanov, Sergei S"]
[Black "Yrjola, Jouni"]
[Result "1/2-1/2"]
[WhiteElo "2354"]
[BlackElo "2399"]
[PlyCount "20"]
[EventDate "2005.09.10"]
[EventType "team-tourn"]
[EventRounds "9"]
[EventCountry "FIN"]
[SourceTitle "EXT 2022"]
[Source "ChessBase"]
[SourceDate "2021.10.06"]
[SourceVersion "1"]
[SourceVersionDate "2021.10.06"]
[SourceQuality "1"]
[WhiteTeam "Joensuu SK"]
[BlackTeam "Helsinki Gaia"]
[WhiteTeamCountry "FIN"]
[BlackTeamCountry "FIN"]

1. c4 g6 2. Nc3 Bg7 3. g3 d6 4. Bg2 e5 5. e4 Ne7 6. Nge2 0-0 7. 0-0 Nd7 8. d3 f5 9. f4 Nf6 10. h3 c6 1/2-1/2

[Event "FIN-chT 0506"]
[Site "Finland"]
[Date "2005.11.12"]
[Round "5.3"]
[White "Ivanov, Sergei S"]
[Black "Nyysti, Sampsa"]
[Result "1-0"]
[WhiteElo "2354"]
[BlackElo "2344"]
[PlyCount "41"]
[EventDate "2005.09.10"]
[EventType "team-tourn"]
[EventRounds "9"]
[EventCountry "FIN"]
[SourceTitle "EXT 2022"]
[Source "ChessBase"]
[SourceDate "2021.10.06"]
[SourceVersion "1"]
[SourceVersionDate "2021.10.06"]
[SourceQuality "1"]
[WhiteTeam "Joensuu SK"]
[BlackTeam "Helsinki Velhot"]
[WhiteTeamCountry "FIN"]
[BlackTeamCountry "FIN"]

1. Nf3 Nf6 2. c4 c5 3. d4 cxd4 4. Nxd4 e6 5. g3 Qb6 6. Bg2 Bc5 7. e3 a6 8. 0-0 0-0 9. Nc3 Qc7 10. e4 Be7 11. Be3 d6 12. Rc1 Nbd7 13. f4 Re8 14. g4 h6 15. g5 Nh7 16. g6 Nhf6 17. gxf7+ Kxf7 18. e5 dxe5 19. Nxe6 Qd6 20. Bd5 Kg6 21. Qc2+ 1-0

[Event "FIN-chT 0506"]
[Site "Finland"]
[Date "2005.10.09"]
[Round "4.2"]
[White "Ivanov, Sergei S"]
[Black "Koskinen, Henri"]
[Result "1/2-1/2"]
[WhiteElo "2354"]
[BlackElo "2296"]
[PlyCount "29"]
[EventDate "2005.09.10"]
[EventType "team-tourn"]
[EventRounds "9"]
[EventCountry "FIN"]
[SourceTitle "EXT 2022"]
[Source "ChessBase"]
[SourceDate "2021.10.06"]
[SourceVersion "1"]
[SourceVersionDate "2021.10.06"]
[SourceQuality "1"]
[WhiteTeam "Joensuu SK"]
[BlackTeam "Vantaa EtVaS"]
[WhiteTeamCountry "FIN"]
[BlackTeamCountry "FIN"]

1. e4 e5 2. Nc3 Nf6 3. g3 d5 4. exd5 Nxd5 5. Bg2 Nxc3 6. bxc3 Bd6 7. Ne2 0-0 8. 0-0 c6 9. f4 Bg4 10. h3 Bxe2 11. Qxe2 exf4 12. gxf4 Re8 13. Qf3 Nd7 14. d3 Qa5 15. d4 1/2-1/2

[Event "FIN-chT 0506"]
[Site "Finland"]
[Date "2005.10.09"]
[Round "3.2"]
[White "Ivanov, Sergei S"]
[Black "Lehtinen, Heikki"]
[Result "1/2-1/2"]
[WhiteElo "2354"]
[BlackElo "2402"]
[PlyCount "104"]
[EventDate "2005.09.10"]
[EventType "team-tourn"]
[EventRounds "9"]
[EventCountry "FIN"]
[SourceTitle "EXT 2022"]
[Source "ChessBase"]
[SourceDate "2021.10.06"]
[SourceVersion "1"]
[SourceVersionDate "2021.10.06"]
[SourceQuality "1"]
[WhiteTeam "Joensuu SK"]
[BlackTeam "Tampere OpusCapita"]
[WhiteTeamCountry "FIN"]
[BlackTeamCountry "FIN"]

1. e4 g6 2. d4 Bg7 3. c3 d6 4. f4 Nf6 5. e5 dxe5 6. fxe5 Nd5 7. Bc4 0-0 8. Nf3 Kh8 9. 0-0 f6 10. Qe1 Bf5 11. Qh4 Qd7 12. Re1 Nc6 13. Nbd2 Na5 14. Bf1 c5 15. dxc5 Nc6 16. Nc4 Bg4 17. Bd3 Kg8 18. Be4 Bxf3 19. Bxf3 Rad8 20. Bh6 Qf5 21. Bxd5+ Rxd5 22. Ne3 Qxe5 23. Qc4 e6 24. Bxg7 Rxc5 25. Bxf6 Rxf6 26. Qe2 Rf8 27. Rf1 Ne7 28. Rxf8+ Kxf8 29. Rf1+ Kg7 30. Qf3 Nf5 31. Qxb7+ Rc7 32. Nxf5+ exf5 33. Qf3 Rd7 34. Rd1 Re7 35. Qd3 f4 36. Qd4 Kf6 37. Kf2 g5 38. Qxe5+ Rxe5 39. Rd7 Ra5 40. a3 h5 41. c4 Ra4 42. Rc7 Ke5 43. g3 fxg3+ 44. Kxg3 Kd4 45. c5 Kd5 46. c6 Rg4+ 47. Kf3 Rf4+ 48. Ke3 Rh4 49. Rg7 Rh3+ 50. Kd2 Rxh2+ 51. Kc3 Kxc6 52. Rxg5 Rh4 1/2-1/2

[Event "FIN-chT 0506"]
[Site "Finland"]
[Date "2005.09.11"]
[Round "2.2"]
[White "Maki Uuro, Miika"]
[Black "Ivanov, Sergei S"]
[Result "0-1"]
[WhiteElo "2390"]
[BlackElo "2354"]
[PlyCount "99"]
[EventDate "2005.09.10"]
[EventType "team-tourn"]
[EventRounds "9"]
[EventCountry "FIN"]
[SourceTitle "EXT 2022"]
[Source "ChessBase"]
[SourceDate "2021.10.06"]
[SourceVersion "1"]
[SourceVersionDate "2021.10.06"]
[SourceQuality "1"]
[WhiteTeam "Espoo MatSK"]
[BlackTeam "Joensuu SK"]
[WhiteTeamCountry "FIN"]
[BlackTeamCountry "FIN"]

1. Nf3 c5 2. c4 Nc6 3. d4 cxd4 4. Nxd4 g6 5. e4 Nf6 6. Nc3 Nxd4 7. Qxd4 Bg7 8. Be2 0-0 9. 0-0 d6 10. Bg5 Be6 11. Qe3 Qa5 12. Rab1 Rfc8 13. b4 Qb6 14. c5 dxc5 15. Na4 Qc6 16. Nxc5 Bxa2 17. Ra1 b6 18. Rxa2 bxc5 19. Ra6 Qxe4 20. Bf3 Qxe3 21. Bxe3 cxb4 22. Bxa7 e6 23. Bxa8 Rxa8 24. Rb1 Nd5 25. Ra5 Bc3 26. Kf1 b3 27. Rxd5 exd5 28. Rxb3 d4 29. Rb8+ Rxb8 30. Bxb8 d3 31. Ba7 f5 32. f3 Kf7 33. Kf2 f4 34. g3 Ke6 35. gxf4 Kd5 36. Ke3 Kc4 37. Bb8 Bd4+ 38. Kd2 Bg1 39. h3 Bh2 40. Be5 g5 41. Bf6 Bxf4+ 42. Ke1 Kd5 43. h4 gxh4 44. Bxh4 Kd4 45. Bf2+ Kc3 46. Kd1 d2 47. Bh4 Kd3 48. Be1 h5 49. Bf2 Be5 50. f4 0-1